Phobias Click Quiz: E - Statistics

General Stats
  • This quiz has been taken 104 times
  • The average score is 7 of 15
Answer Stats
Hint Answer % Correct
Fear of horses Equinophobia
84%
Fear of vomiting Emetophobia
72%
Fear of insects Entomophobia
70%
Fear of cataclysmic environmental change Ecophobia
64%
Fear of church Ecclesiophobia
62%
Fear of work Ergophobia
54%
Fear of hearing good news Euphobia
52%
Fear of dawn or daylight Eosophobia
32%
Fear of nosebleeds Epistaxiophobia
32%
Fear of knowledge Epistemophobia
32%
Fear of freedom Eleutherophobia
30%
Fear of youth Ephebiphobia
30%
Fear of mirrors Eisoptrophobia
22%
Fear of blushing Ereuthrophobia
20%
Fear of crowds Enochlophobia
10%
No matching quizzes found
Score Distribution
Percent of People with Each Score
Percentile by Number Answered
Your Score History
You have not taken this quiz